Specialty Optical Fibers Handbook / (Record no. 10760)
[ view plain ]
| 000 -LEADER | |
|---|---|
| fixed length control field | 01192cam a22003014a 4500 |
| 001 - CONTROL NUMBER | |
| control field | 14638523 |
| 005 - DATE AND TIME OF LATEST TRANSACTION | |
| control field | 20201128013513.0 |
| 008 - FIXED-LENGTH DATA ELEMENTS--GENERAL INFORMATION | |
| fixed length control field | 061117s2007 ne a bf 001 0 eng |
| 010 ## - LIBRARY OF CONGRESS CONTROL NUMBER | |
| LC control number | 2006038642 |
| 020 ## - INTERNATIONAL STANDARD BOOK NUMBER | |
| International Standard Book Number | 9780123694065 |
| 020 ## - INTERNATIONAL STANDARD BOOK NUMBER | |
| International Standard Book Number | 012369406X |
| 035 ## - SYSTEM CONTROL NUMBER | |
| System control number | (OCoLC)ocm76792095 |
| 035 ## - SYSTEM CONTROL NUMBER | |
| System control number | (OCoLC)76792095 |
| 040 ## - CATALOGING SOURCE | |
| Original cataloging agency | DLC |
| Transcribing agency | DLC |
| Modifying agency | BAKER |
| -- | C#P |
| -- | YDXCP |
| -- | IXA |
| -- | BTCTA |
| -- | DLC |
| 050 00 - LIBRARY OF CONGRESS CALL NUMBER | |
| Classification number | TA1800 |
| Item number | .S72 2007 |
| 082 00 - DEWEY DECIMAL CLASSIFICATION NUMBER | |
| Classification number | 621.3692 |
| Edition number | 22 |
| Item number | SPE |
| 245 00 - TITLE STATEMENT | |
| Title | Specialty Optical Fibers Handbook / |
| Statement of responsibility, etc | Alexis Mendez, T.F. Morse [editors]. |
| 260 ## - PUBLICATION, DISTRIBUTION, ETC. (IMPRINT) | |
| Place of publication, distribution, etc | Amsterdam ; |
| -- | Boston : |
| Name of publisher, distributor, etc | Academic Press, |
| Date of publication, distribution, etc | c2007. |
| 300 ## - PHYSICAL DESCRIPTION | |
| Extent | xlii, 798 p. : |
| Other physical details | ill. ; |
| Dimensions | 24 cm. |
| 504 ## - BIBLIOGRAPHY, ETC. NOTE | |
| Bibliography, etc | Includes bibliographical references and index. |
| 650 #0 - SUBJECT ADDED ENTRY--TOPICAL TERM | |
| Topical term or geographic name as entry element | Optical fibers |
| General subdivision | Industrial applications |
| Form subdivision | Handbooks, manuals, etc. |
| 650 #0 - SUBJECT ADDED ENTRY--TOPICAL TERM | |
| Topical term or geographic name as entry element | Fiber optics |
| General subdivision | Industrial applications |
| Form subdivision | Handbooks, manuals, etc. |
| 700 1# - ADDED ENTRY--PERSONAL NAME | |
| Personal name | Mendez, Alexis |
| 9 (RLIN) | 2055 |
| 700 1# - ADDED ENTRY--PERSONAL NAME | |
| Personal name | Morse, T. F. |
| 856 42 - ELECTRONIC LOCATION AND ACCESS | |
| Materials specified | Publisher description |
| Uniform Resource Identifier | <a href="http://www.loc.gov/catdir/enhancements/fy0703/2006038642-d.html">http://www.loc.gov/catdir/enhancements/fy0703/2006038642-d.html</a> |
| 942 ## - ADDED ENTRY ELEMENTS (KOHA) | |
| Source of classification or shelving scheme | Dewey Decimal Classification |
| Item type | Reference (NB) |
| Withdrawn status | Item status | Source of classification or shelving scheme | Damaged status | Not for loan | Vendor | Home library | Current library | Shelving location | Date acquired | Source of acquisition | Cost, normal purchase price | Serial Enumeration / chronology | Total Checkouts | Full call number | Barcode | Date last seen | Koha item type |
|---|---|---|---|---|---|---|---|---|---|---|---|---|---|---|---|---|---|
| Dewey Decimal Classification | Alahram | Central Library | Central Library | Ground Floor | 09/02/2009 | 736.30 | 6479 | 621.3692 SPE | 000014623 | 15/07/2025 | Reference (NB) |